Municipios Merindad de Ultrapuertos / Baja Navarra - Estadísticas

Estadísticas generales
  • Esta prueba ha sido intentada 11 veces
    9 desde el último reinicio
  • La puntuación promedio es 10 de 75
Respuestas en el mapa
Las respuestas están codificadas por una escala verde-roja en el mapa de la prueba según el % correcto abajo.
 
Estadísticas de respuestas
Municipio / Commune / Udalerri % Correcto
San Juan Pie de Puerto / Saint-Jean-Pied-de-Port / Donibane Garazi
100%
San Pelayo / Saint-Palais / Donapaleu
80%
Urepel / Urepele
80%
Aldudes / Aldude
60%
Banca / Banka
60%
San Esteban de Baigorry / Saint-Étienne-de-Baïgorry / Baigorri
60%
Azcárate / Ascarat / Azkarate
40%
Beorlegui / Béhorléguy / Behorlegi
40%
Irissarry / Irisarri
40%
Isturits / Izturitze
40%
La Bastide-Clairence / Bastida
40%
Lasse / Lasa
40%
Lecumberri / Lecumberry / Lekunberri
40%
San Miguel / Saint-Michel / Eiheralarre
40%
Amorots / Amorots-Succos / Amorotze
20%
Arnegui / Arnéguy / Arnegi
20%
Bidache / Bidaxune
20%
Çaro / Zaro
20%
Gamarthe / Gamarte
20%
Ibarrolle / Ibarrola
20%
Iholdy / Iholdi
20%
Ispoure / Izpura
20%
Luxe-Sumberraute / Lüküze
20%
Ossès / Ozaze
20%
San Martín de Arbeoru / Saint-Martin-d'Arbéroue / Donamartiri
20%
San Martín de Arrosa / Saint-Martin-d'Arrossa / Arrosa
20%
Suescun / Suhescun / Zohüskün
20%
Uhart-Cize / Uharte-Hiri
20%
Ahaxe / Ahaxe-Alciette-Bascassan / Ahatsa
0%
Aicirits / Aicirits-Camou-Suhast / Aiziritze
0%
Aincilla / Aincille / Aintzila
0%
Ainhice / Ainhice-Mongelos / Ainhize
0%
Amendeuix / Amendeuix-Oneix / Amendüze
0%
Anhaux / Anhauze
0%
Arancou / Aranko
0%
Arberats / Arbérats-Sillègue / Arberatze
0%
Arbouet / Arbouet-Sussaute / Arboueta
0%
Arhansus / Arhantsusi
0%
Armendáriz / Armendarits / Armendaritze
0%
Arraute-Charritte / Arrueta
0%
Ayherre / Aiherra
0%
Béguios / Behauze
0%
Behasque / Béhasque-Lapiste / Behaskane
0%
Bergüey / Bergouey-Viellenave / Burgue
0%
Beyrie / Beyrie-sur-Joyeuse / Biriatu
0%
Bidarray / Bidarrai
0%
Bunus / Bunuze
0%
Bussunarits-Sarrasquette / Buzunaritze
0%
Bustince-Iriberry / Bustintze
0%
Came / Akamarre
0%
Estérençuby / Ezterenzubi
0%
Gabat / Gabadi
0%
Garris / Garrüze
0%
Hélette / Heleta
0%
Hosta / Hozta
0%
Ilharre / Ilarra
0%
Irulegui / Irouléguy / Irulegi
0%
Jaxu / Jatsu
0%
Juxue / Zuhatsu
0%
Labets-Biscay / Lapitze
0%
Lacarre / Lakarra
0%
Lantabat / Landibarre
0%
Larceveau-Arros-Cibits / Lartzabale
0%
Larribar-Sorhapuru / Larribarre
0%
Masparraute / Martxueta
0%
Méharin / Mehaine
0%
Mendive / Mendibe
0%
Orégue / Oreka
0%
Orsanco / Ortzaize
0%
Ostabat-Asme / Ostibarre
0%
Sames / Zamese
0%
San Esteban / Saint-Esteben / Donoztiri
0%
San Juan el Viejo / Saint-Jean-le-Vieux / Donibane Garazi Zaharra
0%
San Justo de Ibarre / Saint-Just-Ibarre / Donaixti-Ibarre
0%
Uhart-Mixe / Uharte-Hiri
0%
No se encontraron pruebas coincidentes
Distribución de puntuación
Porcentaje de gente con cada puntuación
Porcentaje por número respondido
Historial de tus puntuaciones
No has intentado esta prueba desde el último reinicio